Datum a čas kvízu
23.5
Celkem bodů
Celkový počet nahraných bodů na tomto kvízu bez doplňovacích otázek.
10.
Pořadí na kvízu
Konečné umístění týmu na tomto kvízu.
Zaznamenané odpovědi
| # | Otázka | Odpověď | Body | Výsledky |
|---|---|---|---|---|
| 1. | Sobotní vyhlašování cen Český... | 1 | ||
| 2. | Do prodejny mobilů přišla žena... | 0 | ||
| 3. | Jak se nazývá snímek, který zí... | 0.5 | ||
| 4. | Minulý týden byla vydána další... | 1 | ||
| 5. | Základní část naší hokejové ex... | 1 | ||
| 6. | V tomto tématu si posvítíme na... | 0 | ||
| 7. | Které jsou nejrozšířenější jaz... | 0.5 | ||
| 8. | Největší jezera na světě co do... | 0 | ||
| 9. | Státy Jižní Ameriky podle počt... | 1 | ||
| 10. | Evropské země podle rozlohy: 1... | 0.5 |